Star Wars Movies by John Williams Soundtracks - Statistics

General Stats
  • This quiz has been taken 785 times
  • The average score is 9 of 11
Answer Stats
Tracks from the Original Soundtrack Album Film % Correct
The Battle in the Snow / The Asteroid Field / The City in the Clouds The Empire Strikes Back
99%
The Forest Battle / Rebel Briefing / The Emperor Return of the Jedi
92%
Jango's Escape / The Meadow Picnic / Love Pledge and the Arena Attack of the Clones
90%
I Can Fly Anything / That Girl with the Staff / The Starkiller The Force Awakens
87%
Swimming to Otoh Gunga / Attack of the Giant Fish / The Flag Parade The Phantom Menace
86%
The Little People Work / Cantina Band / The Walls Converge Star Wars (A New Hope)
85%
Battle of the Heroes / General Grievous / A New Hope and End Credits Revenge of the Sith
82%
Corellia Chase / Train Heist / Lando's Closet Solo
77%
Journey to Exegol / The Old Death Star / Fleeing from Kijimi Rise of Skywalker
76%
Jedha City Ambush / Krennic's Aspirations / The Master Switch Rogue One
74%
Canto Bight / Chrome Dome / The Battle of Crait The Last Jedi
72%
No matching quizzes found
Score Distribution
Percent of People with Each Score
Percentile by Number Answered
Your Score History
You have not taken this quiz